El proceso /
সংরক্ষণ করুন:
| প্রধান লেখক: | |
|---|---|
| অন্যান্য লেখক: | |
| বিন্যাস: | অডিও |
| ভাষা: | স্প্যানিশ |
| প্রকাশিত: |
Colombia :
Audio Libros : Yoyo Libros,
2001, c2001
|
| মালা: | (Fono-Libros)
|
| বিষয়গুলি: | |
| ট্যাগগুলো: |
কোনো ট্যাগ নেই, প্রথমজন হিসাবে ট্যাগ করুন!
|
MARC
| LEADER | 00000nim^a2200000^a^4500 | ||
|---|---|---|---|
| 001 | 000174076 | ||
| 005 | 20250521000000.0 | ||
| 009 | 20260310101515.397 | ||
| 020 | |a 958-9494-59-5 | ||
| 037 | |a Acervo ITESO - Biblioteca | ||
| 041 | |a SON | ||
| 041 | |a ESP | ||
| 082 | |a 891. 86 |b KAF | ||
| 100 | |a Kafka, Franz |e (autor) | ||
| 240 | 1 | 4 | |a [El proceso] |
| 245 | 1 | 3 | |a El proceso / |c F. Kafka ; voz de C. Zambrano. |
| 264 | 4 | |a Colombia : |b Audio Libros : |b Yoyo Libros, |c 2001, c2001 | |
| 300 | |a 3 discos compactos sonoros (CDs disponibles) | ||
| 300 | |a 1 audiolibro | ||
| 336 | |a palabra hablada |b spw |2 rdacontenido | ||
| 337 | |a audio |b s |2 rdamedio | ||
| 338 | |a disco sonoro |b sd |2 rdasoporte | ||
| 440 | 1 | |a (Fono-Libros) | |
| 530 | |a Existe una edición en formato digital en línea con el mismo título | ||
| 545 | 0 | |a El escritor checo Franz Kafka (1883-1924), nacido en Praga, cuya producción literaria realizada en alemán, forma parte de lo más sobresaliente e innovador de la literatura alemana del siglo XX, está caracterizada por la presencia del absurdo y la ironía con un marcado realismo y profundidad metafísica. Con la colección de prosas Contemplaciones (1913), se da a conocer; le sigue La metamorfosis (1916), su obra más famosa. Kafka completó o bosquejó sus obras más importantes entre los años 1910-1920, pero no quiso publicarlas y en su testamento pidió que fueran destruidas. Contra la voluntad del autor, su amigo Max Brod se encargó de sacarlas a la luz: como lo fueron los cuentos La condena (1916); En la colonia penitenciaria (1919) y El médico rural (1919), la colección La muralla china (1918) y las novelas inacabadas América (iniciada en 1910, editada en 1927), El proceso (1914-1915, publicada en 1924) y El castillo (1922, editada en 1926). En conjunto, la obra kafkiana es uno de los legados más importantes de las letras mundiales del siglo XX, cuya influencia se extiende a diversas expresiones artísticas, además de la literatura. | |
| 649 | |a XX | ||
| 650 | |a Novela Checa | ||
| 650 | |a Literatura Checa - |y Siglo XX | ||
| 650 | |a Literatura en Alemán - |z Checoslovaquia | ||
| 700 | |a Zambrano, Carlos |e (voz) | ||
| 910 | |a Fondo General | ||
| 920 | |a Sonoros - CDs | ||
| 940 | |a Literatura | ||
| 905 | |a 403 | ||
| 901 | |a 0500113287 |b IT2 |c CDS |u 20250521 | ||
| 901 | |a 0500113284 |b IT2 |c CDS |u 20250521 | ||
| 901 | |a 0500113281 |b IT2 |c CDS |u 20250521 | ||
| 902 | |a https://opac.biblio.iteso.mx/vufind/Record/000174076 | ||